000
00407nam a2200145Ia 4500
008
090124s9999 xx 000 0 und d
082
_b
400350
245
_a
चार चतुर भाऊ
250
_a
1
260
_b
गोवंडे श्रीकांत
_c
1978
300
_a
32
630
_a
चार चतुर भाऊ
730
_a
चार चतुर भाऊ
942
_c
BOOK
999
_c
196271
_d
196271